00716nam a2200253Ia 4500008004100000020001500041050000800056050001500064100003000079245004000109245003000149250001900179260002300198260002300221260000900244300002100253300002100274300001100295650001800306650001600324700003300340700003100373700005800404160319s9999 xx 000 0 und d a9710870645 a310 bB328s 2004 aBatacan, Ma. Carmelita A. aStatistics for Filipino students /  cMa. Carmelita A. Batacan. aThird edition. aMandaluyong City : bNational Bookstore c2009 aix, 266 pages :  billustrations ;  c26 cm. aStatistics -- x Textbooks. aAgcaoili, Zenaida A., author aSalamat, Lorina G., author aSta. Maria, Antonina C., Cabero, Jonathan B., authors